| 000 | 00736nam a2200229 a 4500 | ||
|---|---|---|---|
| 005 | 20241023063849.0 | ||
| 008 | 050217s2004 mx r 000 0 spa d | ||
| 020 | _a8497840399 | ||
| 035 | _aUPN01000138295 | ||
| 049 | _aCG | ||
| 050 | 4 |
_aQH365 D8 _bD3.2 |
|
| 100 | 1 | _aDavies, Merryl Wyn | |
| 245 | 1 | 0 |
_aDarwin y el fundamentalismo / _cMarryl Wyn Davies ; tr. Carmen Font. |
| 260 |
_aBarcelona, Esp. : _bGedisa, _c2004. |
||
| 300 | _a94 p. | ||
| 440 | 0 | _aEncuentros contemporáneos | |
| 534 |
_pTítulo original : _tDarwin and fundamentalism |
||
| 600 | 1 | 4 |
_aDARWIN, CHARLES ROBERT, _d1809-1882 - _xCRITICA E INTERPRETACION _96971 |
| 650 | 4 |
_aDARWINISMO SOCIAL _97740 |
|
| 650 | 2 |
_aEvolución (Biología) _912397 |
|
| 905 | _aLibro | ||
| 999 |
_c110443 _d110443 |
||